Birds native to Great Britain #2 - Statistics

General Stats
  • This quiz has been taken 14 times
  • The average score is 9 of 16
Answer Stats
Picture Answer % Correct
Mallard
92%
Starling
75%
Chaffinch
67%
Goldfinch
67%
Great tit
67%
Grey heron
67%
Jay
67%
Common kestrel / European kestrel / Eurasian kestrel / Old World kestrel
58%
Herring gull
58%
Long-eared owl
58%
Common cuckoo / Eurasian cuckoo / European cuckoo
50%
Partridge
50%
Spotted woodpecker
50%
Hawfinch
42%
Shelduck
42%
Nuthatch
33%
No matching quizzes found
Score Distribution
Percent of People with Each Score
Percentile by Number Answered
Your Score History
You have not taken this quiz